Les 14 stations du Chemin de croix - Statistiques

Statistiques générales
  • Ce quiz a été pris 64 fois
  • Le résultat moyen est 10 sur 14
Statistiques - réponses
Liste Stations % Correct
Station #7 Jésus tombe pour la deuxième fois sous la croix
93%
Station #3 Jésus tombe pour la première fois sous le poids de la croix
93%
Station #9 Jésus tombe pour la troisième fois
93%
Station #12 Jésus meurt sur la croix
85%
Station #11 Jésus est cloué sur la croix
83%
Station #14 Le corps de Jésus est mis au tombeau par Joseph d'Arimathie et Nicodème.
81%
Station #4 Jésus rencontre Sa très sainte mère
74%
Station #13 Jésus est descendu de la croix et Son corps est remis à Sa mère
72%
Station #1 Jésus est condamné à être crucifié
67%
Station #6 Sainte Véronique essuie le visage de Jésus
61%
Station #5 Simon de Cyrène aide Jésus à porter Sa croix
61%
Station #8 Jésus console les femmes de Jérusalem qui pleurent
57%
Station #2 Jésus est chargé de la croix
52%
Station #10 Jésus est dépouillé de Ses vêtements et abreuvé de fiel
48%
Aucun quiz correspondant
Distribution des résultats
% des personnes avec chaque résultat
Percentile par nombre de réponses
Votre historique - résultats
Vous n’avez pas pris ce quiz